Cidades do Portugal - Morte súbita - Statistics

Estatísticas Gerais
  • Esse quiz foi jogado 179 vezes
  • A pontuação média é 13 de 20
Answers on the Grid
Answers color-coded by a green-red scale on the quiz's grid according to % correct below.
Braga
Coimbra
Matosinhos
Porto
Lisboa
Sintra
Seixal
Loures
Faro
Évora
Guimarães
Elvas
Viana do Castelo
Portalegre
Lagos
Vila Nova de Gaia
Funchal
Fátima
Setúbal
Cascais
Villavicencio
Hendaya
Astorga
Boa Vista
Manaus
Xinzo de Limia
Olivenza
Estepona
A Coruña
Oviedo
Macau
Maturín
João Pessoa
Cebu
Benguela
Matamoros
 
Estatísticas das Respostas
Resposta % Correto
Porto
80%
Braga
76%
Coimbra
76%
Guimarães
73%
Lisboa
72%
Setúbal
71%
Cascais
70%
Faro
70%
Évora
68%
Fátima
67%
Funchal
67%
Sintra
66%
Viana do Castelo
66%
Vila Nova de Gaia
65%
Seixal
64%
Matosinhos
61%
Elvas
59%
Portalegre
59%
Lagos
57%
Loures
57%
Nenhum quiz correspondente encontrado
Distribuição das Pontuações
Porcentagem de Pessoas com Cada Pontuação
Percentil de Números Respondidos
Sua Pontuação Histórica
Você não jogou esse quiz